000 00490nam a2200181Ia 4500
005 20250326125111.0
008 250326s9999 xx 000 0 und d
037 _aTextbook
040 _aFMSL
_beng
_cFMSL
041 _aeng
_2eng
084 _aX:92 M3
_qFMSL
100 _aMonga M L
_9241456
245 0 _aManagement of performance appraisal
_cMonga M L
260 _aBombay
_bBombay, Himalaya
_c1983
300 _a241p
942 _cTB
_hX:92 M3
999 _c1276550
_d1276550